书目信息 |
| 题名: |
李书福
|
|
| 作者: | 魏江 , 刘洋 著 | |
| 分册: | ||
| 出版信息: | 北京 机械工业出版社 2020 |
|
| 页数: | 33,331页 | |
| 开本: | 21cm | |
| 丛书名: | ||
| 单 册: | ||
| 中图分类: | F426.471 | |
| 科图分类: | ||
| 主题词: | 汽车企业--工业企业管理--经验--杭州市 | |
| 电子资源: | ||
| ISBN: | 978-7-111-65494-0 | |
| 000 | 00989nam0 2200253 450 | |
| 001 | 2165720686 | |
| 005 | 20211112181528.22 | |
| 010 | @a978-7-111-65494-0@b精装@dCNY69.00 | |
| 100 | @a20200616d2020 em y0chiy50 ea | |
| 101 | 0 | @achi |
| 102 | @aCN@b110000 | |
| 105 | @aa z 000yy | |
| 200 | 1 | @a李书福@9li shu fu@b专著@e守正出奇@f魏江,刘洋著 |
| 210 | @a北京@c机械工业出版社@d2020 | |
| 215 | @a33,331页@c图,照片@d21cm | |
| 300 | @a“浙商传奇”书写创新创业史诗 | |
| 330 | @a本书先介绍了吉利的发展历程,而后从战略、治理、创新和组织四个方面总结分析了吉利在创新创业方面的理论逻辑和典型做法,通过对理论逻辑和吉利实际案例的分析剖析了“吉利之所以是吉利”的核心原因;最后通过理论总结形成系统性框架,分析了吉利和李书福创新创业的成功因子。 | |
| 517 | 1 | @a守正出奇@9shou zheng chu qi |
| 606 | 0 | @a汽车企业@x工业企业管理@x经验@y杭州市 |
| 690 | @aF426.471@v5 | |
| 701 | 0 | @a魏江@9wei jiang@4著 |
| 701 | 0 | @a刘洋@9liu yang@4著 |
| 801 | 0 | @aCN@bBP@c20200616 |
| 905 | @aZUCC@dF426.471@e10 | |
| 李书福:守正出奇/魏江,刘洋著.-北京:机械工业出版社,2020 |
| 33,331页:图,照片;21cm |
| “浙商传奇”书写创新创业史诗 |
| ISBN 978-7-111-65494-0(精装):CNY69.00 |
| 本书先介绍了吉利的发展历程,而后从战略、治理、创新和组织四个方面总结分析了吉利在创新创业方面的理论逻辑和典型做法,通过对理论逻辑和吉利实际案例的分析剖析了“吉利之所以是吉利”的核心原因;最后通过理论总结形成系统性框架,分析了吉利和李书福创新创业的成功因子。 |
| ● |
| 相关链接 |
|
|
|
正题名:李书福
索取号:F426.471/10
 
预约/预借
| 序号 | 登录号 | 条形码 | 馆藏地/架位号 | 状态 | 备注 |
| 1 | 2000880949 | 2000880949 | 第三书库/ [索取号:F426.471/10] | 在馆 | |
| 2 | 2000880950 | 2000880950 | 第三书库/ [索取号:F426.471/10] | 在馆 | |
| 3 | 2000880951 | 2000880951 | 第三书库/ [索取号:F426.471/10] | 在馆 |